Capitals of 1st-level subdivisions in Bulgaria from east to west - Statistics

General Stats
  • This quiz has been taken 18 times
  • The average score is 24 of 27
Answer Stats
Longitude (DD) Answer % Correct
2 27.83 Dobrič
100%
1 27.92 Varna
100%
24 23.10 Blagoevgrad
89%
3 27.47 Burgas
89%
15 25.32 Gabrovo
89%
13 25.56 Haskovo
89%
8 26.51 Jambol
89%
27 22.69 Kjustendil
89%
14 25.38 Krdžali
89%
17 24.72 Loveč
89%
23 23.22 Montana
89%
20 24.33 Pazardžik
89%
25 23.03 Pernik
89%
19 24.62 Pleven
89%
16 24.75 Plovdiv
89%
7 26.53 Razgrad
89%
10 25.95 Ruse
89%
4 27.26 Silistra
89%
18 24.70 Smoljan
89%
22 23.33 Sofija
89%
11 25.63 Stara Zagora
89%
5 26.92 Šumen
89%
6 26.57 Trgovište
89%
12 25.62 Veliko Trnovo
89%
26 22.88 Vidin
89%
9 26.32 Sliven
78%
21 24.55 Vraca
78%
No matching quizzes found
Score Distribution
Percent of People with Each Score
Percentile by Number Answered
Your Score History
You have not taken this quiz